5HLuxD.jpg

KING HENRY VIII SENIOR AND PRIMARY SCHOOL LIBRARY OPAC

The invisible life of Addie Larue / (Record no. 1544)

000 -LEADER
fixed length control field 01465pam a2200313 i 4500
001 - CONTROL NUMBER
control field 019866903
003 - CONTROL NUMBER IDENTIFIER
control field Uk
005 - DATE AND TIME OF LATEST TRANSACTION
control field 20230112093742.0
008 - FIXED-LENGTH DATA ELEMENTS--GENERAL INFORMATION
fixed length control field 200722s2020 enka |0|0 1|eng d
015 ## - NATIONAL BIBLIOGRAPHY NUMBER
National bibliography number GBC0A0743
Source bnb
016 7# - NATIONAL BIBLIOGRAPHIC AGENCY CONTROL NUMBER
Record control number 019866903
Source Uk
020 ## - INTERNATIONAL STANDARD BOOK NUMBER
International Standard Book Number 9781789095593
040 ## - CATALOGING SOURCE
Original cataloging agency StDuBDS
Language of cataloging eng
Transcribing agency StDuBDS
Modifying agency Uk
-- KH8
Description conventions rda
042 ## - AUTHENTICATION CODE
Authentication code ukblsr
082 04 - DEWEY DECIMAL CLASSIFICATION NUMBER
Classification number FIC SCH
Edition number 23
100 1# - MAIN ENTRY--PERSONAL NAME
Personal name Schwab, Victoria,
Relator term author.
245 14 - TITLE STATEMENT
Title The invisible life of Addie Larue /
Statement of responsibility, etc. V.E. Schwab.
250 ## - EDITION STATEMENT
Edition statement Export ed.
264 #1 - PRODUCTION, PUBLICATION, DISTRIBUTION, MANUFACTURE, AND COPYRIGHT NOTICE
Place of production, publication, distribution, manufacture London :
Name of producer, publisher, distributor, manufacturer Titan Books,
Date of production, publication, distribution, manufacture, or copyright notice October 2020.
300 ## - PHYSICAL DESCRIPTION
Extent 545 pages :
-- illustrations (black and white, and colour) ;
Dimensions 21 cm
336 ## - CONTENT TYPE
Content type term text
Source rdacontent
337 ## - MEDIA TYPE
Media type term unmediated
Source rdamedia
338 ## - CARRIER TYPE
Carrier type term volume
Source rdacarrier
500 ## - GENERAL NOTE
General note Formerly CIP.
Institution to which field applies Uk
520 ## - SUMMARY, ETC.
Summary, etc. "France, 1714: in a moment of desperation, a young woman makes a Faustian bargain to live forever - and is cursed to be forgotten by everyone she meets.Thus begins the extraordinary life of Addie LaRue, and a dazzling adventure that will play out across centuries and continents, across history and art, as a young woman learns how far she will go to leave her mark on the world. But everything changes when, after nearly 300 years, Addie stumbles across a young man in a hidden bookstore and he remembers her name."--Publisher
655 #7 - INDEX TERM--GENRE/FORM
Genre/form data or focus term Fantasy fiction
Source of term fast
Authority record control number or standard number (OCoLC)fst01726607
655 #7 - INDEX TERM--GENRE/FORM
Genre/form data or focus term Historical fiction
Source of term fast
Authority record control number or standard number (OCoLC)fst01726640
942 ## - ADDED ENTRY ELEMENTS (KOHA)
Source of classification or shelving scheme
Koha item type Books - Fiction
Holdings
Withdrawn status Lost status Source of classification or shelving scheme Damaged status Not for loan Collection code Permanent Location Current Location Shelving location Date acquired Full call number Barcode Date last seen Price effective from Koha item type
          Fiction KH8 Senior School Library KH8 Senior School Library Young Adult 2023-01-12 FIC SCH 3KHSL000101950 2024-07-23 2023-01-12 Books - Fiction

Powered By KH8 IT Dept